Score 0/7 Timer 02:00
2 Plays Today
# Value % Correct
5Honor
75.9%
7Personal Courage
56%
1Loyalty
52.8%
6Integrity
39.5%
3Respect
36.8%
2Duty
35.5%
4Selfless Service
19.3%

You're not logged in!

Compare scores with friends on all Sporcle quizzes.
OR
Log In

Sporcle TV

Today on Sporcle TV


Watch our educational content, quiz creation guides, and fun videos on Sporcle TV.

Show Comments

Extras

Top Quizzes Today


Score Distribution

Paid Content

Your Account Isn't Verified!

In order to create a playlist on Sporcle, you need to verify the email address you used during registration. Go to your Sporcle Settings to finish the process.

Report this User

Report this user for behavior that violates our Community Guidelines.

Details: